Sociology (Record no. 2489)
[ view plain ]
| 000 -LEADER | |
|---|---|
| fixed length control field | 00585nam a22002057a 4500 |
| 003 - CONTROL NUMBER IDENTIFIER | |
| control field | OSt |
| 005 - DATE AND TIME OF LATEST TRANSACTION | |
| control field | 20210712121033.0 |
| 008 - FIXED-LENGTH DATA ELEMENTS--GENERAL INFORMATION | |
| fixed length control field | 210712b ||||| |||| 00| 0 eng d |
| 020 ## - INTERNATIONAL STANDARD BOOK NUMBER | |
| International Standard Book Number | 9780137001613 |
| 040 ## - CATALOGING SOURCE | |
| Transcribing agency | ALUPE UNIVERSITY |
| 050 ## - LIBRARY OF CONGRESS CALL NUMBER | |
| Classification number | HM586 |
| Item number | .M325 2011 |
| 100 ## - MAIN ENTRY--PERSONAL NAME | |
| Personal name | John J Macionis |
| 245 ## - TITLE STATEMENT | |
| Title | Sociology |
| 250 ## - EDITION STATEMENT | |
| Edition statement | 7th Canadian ed |
| 260 ## - PUBLICATION, DISTRIBUTION, ETC. | |
| Place of publication, distribution, etc. | Toronto |
| Name of publisher, distributor, etc. | Pearson Canada |
| Date of publication, distribution, etc. | ©2011. |
| 300 ## - PHYSICAL DESCRIPTION | |
| Extent | 654p |
| 650 ## - SUBJECT ADDED ENTRY--TOPICAL TERM | |
| Source of heading or term | Sociology -- Textbooks. Sociologie -- Manuels d'enseignement supérieur. Sociology. |
| 700 ## - ADDED ENTRY--PERSONAL NAME | |
| Personal name | Linda M Gerber |
| 942 ## - ADDED ENTRY ELEMENTS (KOHA) | |
| Source of classification or shelving scheme | |
| Koha item type | Book |
| Suppress in OPAC | DO |
| Withdrawn status | Lost status | Source of classification or shelving scheme | Damaged status | Not for loan | Permanent Location | Current Location | Shelving location | Date acquired | Total Checkouts | Full call number | Barcode | Date last seen | Copy number | Price effective from | Koha item type | Public note |
|---|---|---|---|---|---|---|---|---|---|---|---|---|---|---|---|---|
| AU LIBRARY | AU LIBRARY | Open Shelf | 12.07.2021 | HM586 .M325 2011 C1 | 28003079 | 12.07.2021 | 1 | 12.07.2021 | Book | DO | ||||||
| AU LIBRARY | AU LIBRARY | Open Shelf | 12.07.2021 | HM586 .M325 2011 C2 | 28003125 | 12.07.2021 | 2 | 12.07.2021 | Book | DO |